000 03775cam a2200349 4500500
005 20260517000336.0
041 _afre
042 _adc
100 1 0 _aZaugg, Vincent
_eauthor
700 1 0 _aSavoldelli, Virginie
_eauthor
700 1 0 _aSabatier, Brigitte
_eauthor
700 1 0 _aDurieux, Pierre
_eauthor
245 0 0 _aAméliorer les pratiques et l'organisation des soins : méthodologie des études d'interventions
260 _c2014.
500 _a13
520 _aDes interventions destinées à améliorer les pratiques professionnelles ou l’organisation des soins sont régulièrement mises en place dans tous les systèmes de santé. Leur efficacité sur la qualité des soins doit impérativement être évaluée avant leur généralisation. Il est possible pour cela de conduire des études d’interventions, qui doivent respecter une méthodologie rigoureuse afin de fournir des résultats d’un niveau de preuve suffisant. Cet article en décrit les principales étapes, de la formulation de la question de recherche à la rédaction de l’article, en passant par la définition de l’intervention, le choix du schéma d’étude et l’évaluation des critères de jugement. Il aborde également les aspects méthodologiques propres aux études d’interventions visant à améliorer la qualité des soins, tels que la randomisation collective ou l’utilisation de schémas dits quasi-expérimentaux. L’une des particularités de ce type d’études est que les cibles des interventions sont les professionnels de santé alors que les bénéficiaires en sont les patients. La connaissance des spécificités des études d’interventions destinées à améliorer les pratiques et l’organisation des soins est indispensable, que ce soit pour réaliser une étude de qualité, ou pour évaluer le niveau de preuve d’études publiées dans la littérature.
520 _aImproving health care practices and organization: methodology for intervention studiesInterventions designed to improve professional practices and healthcare organization are regularly implemented in all health systems. Their effectiveness on quality of care should be properly evaluated prior to their widespread implementation. Intervention studies can be conducted for this purpose according to a rigorous methodology in order to provide results with a good level of evidence. This article describes the main phases of an intervention study, including definition of the intervention, choice of study design, outcomes assessment, and writing of the report. It also addresses methodological issues of intervention studies designed to improve quality of care, such as cluster-randomization or the use of quasi-experimental designs. One of the specific features of these studies is that professionals are the targets, while patients are the beneficiaries of the intervention. A good knowledge of the specific features of studies designed to improve quality of care is essential to conduct research, or to evaluate the quality of the evidence from published studies.
690 _aétudes d'intervention
690 _aévaluation des résultats et des processus en soins de santé
690 _aorganisation des soins
690 _aplan de recherche
690 _apratique professionnelle
690 _aqualité des soins de santé
690 _aintervention studies
690 _aorganization of care
690 _aoutcome and process assessment (health care)
690 _aprofessional practice
690 _aquality of health care
690 _aresearch design
786 0 _nSanté Publique | 26 | 4 | 2014-09-25 | p. 519-529 | 0995-3914
856 4 1 _uhttps://stm.cairn.info/revue-sante-publique-2014-4-page-519?lang=fr&redirect-ssocas=7080
999 _c2231447
_d2231447